000 01004cam a2200349 4500500
005 20260405003229.0
041 _afre
042 _adc
100 1 0 _aSorente, Isabelle
_eauthor
245 0 0 _aLiberté, égalité, identités - Comment reconnaître nos différences ?
260 _c2021.
500 _a70
690 _aCatherine Malabou
690 _aDécolonialisme
690 _aÉgalité
690 _aExistentialisme
690 _aGenre
690 _aIdentité
690 _aIntersectionnalité
690 _aLiberté
690 _aOrigines
690 _aRacines
690 _aRépublique
690 _aRévolution française
690 _aSéparatisme
690 _aTransclasse
690 _aTransgenre
690 _aUniversalisme
690 _aVincent Descombes
786 0 _nPhilosophie magazine | 147 | 3 | 2021-03-01 | p. 36-36 | 1951-1787
856 4 1 _uhttps://shs.cairn.info/magazine-philosophie-magazine-2021-3-page-36?lang=fr&redirect-ssocas=7080
999 _c2065569
_d2065569